[Event "Titled Tuesday intern op 27th Dec Early"]
[Site "Chess.com INT"]
[Date "2022.12.27"]
[Round "8"]
[White "Ozen, Bahadir"]
[Black "Grabinsky, Aaron"]
[Result "0-1"]
[WhiteElo "2369"]
[BlackElo "2420"]
[PlyCount "136"]
[EventDate "2022.12.27"]
[EventType "swiss (blitz)"]
[EventRounds "11"]
[EventCountry "USA"]
[SourceTitle "EXT 2024"]
[Source "ChessBase"]
[SourceDate "2023.10.10"]
[SourceVersion "1"]
[SourceVersionDate "2023.10.10"]
[SourceQuality "1"]

1. g3 d5 2. Nf3 c6 3. Bg2 Bg4 4. h3 Bh5 5. 0-0 Nd7 6. d3 e6 7. e4 Ngf6 8. Qe1 Bc5 9. b4 Be7 10. Bb2 a5 11. a3 axb4 12. axb4 Rxa1 13. Bxa1 Qb6 14. e5 Ng8 15. Bc3 Bd8 16. Bd4 Qc7 17. Nc3 Bxf3 18. Bxf3 Ne7 19. Bg2 Nf5 20. Ne2 Nxd4 21. Nxd4 Qxe5 22. Qxe5 Nxe5 23. Re1 Bf6 24. Nb3 0-0 25. Na5 b6 26. Nb3 Ra8 27. Rc1 Ra3 28. Nd2 Kf8 29. b5 c5 30. Bf1 Ra2 31. f4 Ng6 32. Nf3 Bc3 33. h4 Ne7 34. h5 Nf5 35. Kf2 Nd6 36. g4 Ke7 37. Kg3 Ra1 38. Rxa1 Bxa1 39. c4 Bc3 40. Kf2 f6 41. Be2 Bb2 42. Kg3 Bc1 43. Bf1 dxc4 44. dxc4 Ne4+ 45. Kg2 Bxf4 46. Bd3 Nd6 47. Kf2 f5 48. gxf5 exf5 49. Ke2 Kf6 50. Ne1 g6 51. hxg6 hxg6 52. Ng2 Bg5 53. Kf3 Ke5 54. Ke2 Kd4 55. Ne1 Nxc4 56. Nf3+ Kc3 57. Nxg5 Ne5 58. Bb1 Kb2 59. Bd3 Nxd3 60. Kxd3 Kb3 61. Ne6 c4+ 62. Kd2 Kb2 63. Nd4 c3+ 64. Kd3 g5 65. Nc2 g4 66. Ne3 g3 67. Nc4+ Kb3 68. Na5+ Ka4 0-1

[Event "Titled Tuesday intern op 27th Dec Early"]
[Site "Chess.com INT"]
[Date "2022.12.27"]
[Round "6"]
[White "Tan, Zhongyi"]
[Black "Grabinsky, Aaron"]
[Result "0-1"]
[WhiteElo "2518"]
[BlackElo "2420"]
[PlyCount "26"]
[EventDate "2022.12.27"]
[EventType "swiss (blitz)"]
[EventRounds "11"]
[EventCountry "USA"]
[SourceTitle "EXT 2024"]
[Source "ChessBase"]
[SourceDate "2023.10.10"]
[SourceVersion "1"]
[SourceVersionDate "2023.10.10"]
[SourceQuality "1"]

1. d4 Nf6 2. c4 e6 3. Nf3 Bb4+ 4. Nbd2 0-0 5. a3 Be7 6. e4 d6 7. Bd3 Nfd7 8. 0-0 e5 9. b4 exd4 10. Nxd4 Bf6 11. Bb2 c5 12. N2b3 cxd4 13. Nxd4 Nc6 0-1